000 00469nam a2200145Ia 4500
008 090124s9999 xx 000 0 und d
082 _b207459
245 _a हमारे लोक देवता
250 _a1
260 _bशास्त्री गिरवर प्रसाद विस्सा
_c2007
300 _a20
630 _a हमारे लोक देवता
730 _a हमारे लोक देवता
942 _cBOOK
999 _c189487
_d189487